Obchodovanie so zmenkami

Z obsahu: Podvody so zmenkami spôsobujú devízovému hospodárstvu SR miliardové škody. Zmenky majú prednosti, nesú však i riziká.

Enregistré dans:
Détails bibliographiques
Auteur principal: Beer, Gabriel
Format: Chapitre de livre
Langue:slovaque
Sujets:
Tags: Ajouter un tag
Pas de tags, Soyez le premier à ajouter un tag!

MARC

LEADER 00000naa a2200000 4500
001 r025355
005 20230921080556.6
041 0 |a slo 
044 |a SK 
245 1 0 |a Obchodovanie so zmenkami  |c G. Beer 
520 |a Z obsahu: Podvody so zmenkami spôsobujú devízovému hospodárstvu SR miliardové škody. Zmenky majú prednosti, nesú však i riziká. 
610 2 0 |a zmenky 
610 2 0 |a papiere cenné 
610 2 0 |a kriminalita hospodárska 
610 2 0 |a obchod nezákonný 
610 2 0 |a riziko 
610 2 0 |a Slovensko 
100 1 |a Beer, Gabriel